| 000 | 00636nam a22001937a 4500 | ||
|---|---|---|---|
| 005 | 20220831100146.0 | ||
| 008 | 100530t xxu||||| |||| 00| 0 eng d | ||
| 020 | _a9771480375 | ||
| 040 |
_aEG-ScBUE _cEG-ScBUE |
||
| 082 |
_222 _a297.0994 _bش ل ب |
||
| 100 |
_914346 _aشلبى،عبد الودود |
||
| 245 |
_a /التزوير المقدس _cعبد الودود شلبى |
||
| 260 |
_aالقاهرة: _bدار الشروق، 1985 _c1985. |
||
| 300 |
_a118 ص ؛ _c20 سم. |
||
| 500 | _aإهداء:علاء عبد الغنى | ||
| 650 |
_914347 _aالإسلام _xدفع مطاعن _2BUEsh |
||
| 651 | _2BUEsh | ||
| 942 |
_2ddc _cBB |
||
| 999 |
_c14023 _d14023 |
||